000 00664nam a2200181Ia 4500
008 090124s9999 xx 000 0 und d
082 _b33629
100 _aभोसले केशवराव
245 _a महाराष्ट्र टाइम्स
250 _a0
260 _b"सुमंगल पब्लिशिंग कंपनी, दादर, मुंबई"
300 _a162
600 _aभोसले केशवराव
630 _a महाराष्ट्र टाइम्स
700 _aभोसले केशवराव
730 _a महाराष्ट्र टाइम्स
942 _cBOOK
999 _c99525
_d99525